[Event "Titled Tuesday intern op 06th May Early"]
[Site "Chess.com INT"]
[Date "2025.05.06"]
[Round "8"]
[White "Cordoba Roa, Angel Gabriel"]
[Black "Lopez Rayo, Isabella"]
[Result "0-1"]
[WhiteElo "2394"]
[BlackElo "2021"]
[PlyCount "158"]
[EventDate "2025.05.06"]
[EventType "swiss (blitz)"]
[EventRounds "11"]
[EventCountry "USA"]
[SourceTitle "CB20_2025"]
[SourceDate "2025.05.14"]
[SourceVersion "1"]
[SourceVersionDate "2025.05.14"]
[SourceQuality "1"]

1. e4 e5 2. Nf3 Nc6 3. Bc4 Bc5 4. Nc3 Nf6 5. d3 d6 6. Bg5 h6 7. Bxf6 Qxf6 8. Nd5 Qd8 9. c3 0-0 10. d4 Bb6 11. 0-0 Bg4 12. Nxb6 axb6 13. d5 Ne7 14. Qd3 f5 15. Nxe5 dxe5 16. d6+ Kh8 17. dxe7 Qxe7 18. exf5 Bxf5 19. Qe3 Rad8 20. Rae1 Qh4 21. Bb3 Bd3 22. Qxe5 Bxf1 23. Rxf1 c5 24. g3 Qf6 25. Qe4 Rd2 26. Bc2 g6 27. f4 Qf5 28. Qxf5 gxf5 29. Rf2 Rxf2 30. Kxf2 Kg7 31. Bd1 Rd8 32. Ke1 Kf6 33. Bf3 Rd7 34. a4 Ke6 35. Ke2 Kd6 36. Bg2 Re7+ 37. Kd2 Kc7 38. Bh3 Rf7 39. Kd3 Kd6 40. Kc4 Kc6 41. Bg2+ Kd6 42. b4 Re7 43. Kb5 cxb4 44. cxb4 Kc7 45. Bh3 Re2 46. Bxf5 Rxh2 47. Kc4 Rf2 48. Be4 Re2 49. Kd3 Ra2 50. a5 bxa5 51. bxa5 Rxa5 52. f5 Ra3+ 53. Kd4 Rxg3 54. Ke5 Rg1 55. f6 Rg8 56. f7 Rb8 57. Kf6 Kd6 58. Kg7 Ke7 59. Bxb7 h5 60. Bc6 Rf8 61. Bd5 h4 62. Kh6 Rh8+ 63. Kg5 h3 64. Kg4 h2 65. Bh1 Kxf7 66. Kg3 Kf6 67. Kf2 Kg5 68. Kg3 Rh7 69. Kf3 Rh3+ 70. Kg2 Kg4 71. Kf2 Ra3 72. Bd5 Kf4 73. Kg2 Rd3 74. Bc6 Rd2+ 75. Kh1 Kg3 76. Bf3 Rc2 77. Bd1 Ra2 78. Bf3 Ra1+ 79. Bd1 Rxd1# 0-1

[Event "American Continental (Women) 16th"]
[Site "Oaxtepec"]
[Date "2025.05.06"]
[Round "9"]
[White "Hernandez Ortega, Carolina"]
[Black "Lopez Rayo, Isabella"]
[Result "1/2-1/2"]
[WhiteElo "1843"]
[BlackElo "2021"]
[PlyCount "132"]
[EventDate "2025.05.01"]
[EventType "swiss"]
[EventRounds "9"]
[EventCountry "MEX"]
[SourceTitle "CB19_2025"]
[SourceDate "2025.05.07"]
[SourceVersion "1"]
[SourceVersionDate "2025.05.07"]
[SourceQuality "1"]

1. e4 e5 2. Nf3 Nc6 3. Bc4 Nf6 4. d3 h6 5. c3 d6 6. 0-0 g6 7. Re1 Bg7 8. Nbd2 0-0 9. Nf1 a6 10. Bb3 Qe7 11. Ng3 Rd8 12. d4 Bg4 13. Be3 Re8 14. h3 Bd7 15. Qd2 Kh7 16. Rad1 Na5 17. Bc2 Nc4 18. Qe2 Nxb2 19. Rb1 Bb5 20. c4 Nxc4 21. a4 Nxe3 22. Qxe3 exd4 23. Nxd4 Bc6 24. Nxc6 bxc6 25. a5 Qe5 26. Ba4 Red8 27. Bxc6 Rab8 28. Qa3 Ng8 29. Bb7 Qc3 30. Re3 Qxa3 31. Rxa3 Nf6 32. Rab3 Nd7 33. Bd5 Bc3 34. Bxf7 Bxa5 35. Rxb8 Nxb8 36. Bc4 Bb6 37. Kf1 a5 38. Ne2 Nc6 39. Nc3 Ne5 40. Bb5 Rf8 41. Nd1 Bd4 42. f3 Rb8 43. Bd3 Rb4 44. Rxb4 axb4 45. Bc2 c5 46. Ke2 c4 47. Ne3 b3 48. Bd1 b2 49. Bc2 c3 50. f4 Nc6 51. Nd5 Bh8 52. Kd3 Nd4 53. Kxc3 g5 54. fxg5 hxg5 55. Kxb2 Nf3+ 56. Kb3 Nd4+ 57. Kc3 Nf3+ 58. Kb4 Ne1 59. Bb1 Be5 60. Ne3 Kg8 61. g4 Nf3 62. Nf5 Ng1 63. h4 gxh4 64. Nxh4 Nh3 65. Kc4 Nf2 66. g5 Nh3 1/2-1/2

[Event "Titled Tuesday intern op 06th May Early"]
[Site "Chess.com INT"]
[Date "2025.05.06"]
[Round "10"]
[White "Lopez Rayo, Isabella"]
[Black "Khodashenas, Mersad"]
[Result "0-1"]
[WhiteElo "2021"]
[BlackElo "2471"]
[PlyCount "68"]
[EventDate "2025.05.06"]
[EventType "swiss (blitz)"]
[EventRounds "11"]
[EventCountry "USA"]
[SourceTitle "CB20_2025"]
[SourceDate "2025.05.14"]
[SourceVersion "1"]
[SourceVersionDate "2025.05.14"]
[SourceQuality "1"]

1. e4 c5 2. Nf3 e6 3. d4 cxd4 4. Nxd4 a6 5. Nc3 Qc7 6. Bd3 b5 7. 0-0 Bb7 8. Re1 d6 9. a4 b4 10. Na2 Nf6 11. c3 bxc3 12. Nxc3 Nbd7 13. Bg5 Be7 14. Rc1 Qa5 15. Bd2 Qd8 16. Bc4 0-0 17. Bxe6 fxe6 18. Nxe6 Qb6 19. Be3 Qb4 20. Nxf8 Rxf8 21. f3 Ne5 22. Bd4 Bd8 23. Kh1 Bb6 24. Bxb6 Qxb6 25. Qc2 h5 26. h4 Kh8 27. b4 Ng6 28. e5 Nxe5 29. a5 Qxb4 30. Qf2 Nfg4 31. Qg3 Rxf3 32. gxf3 Bxf3+ 33. Kg1 Qd4+ 34. Kf1 Nc4 0-1

[Event "Titled Tuesday intern op 06th May Early"]
[Site "Chess.com INT"]
[Date "2025.05.06"]
[Round "5"]
[White "Nguyen, Quang Anh"]
[Black "Lopez Rayo, Isabella"]
[Result "1-0"]
[WhiteElo "2052"]
[BlackElo "2021"]
[PlyCount "55"]
[EventDate "2025.05.06"]
[EventType "swiss (blitz)"]
[EventRounds "11"]
[EventCountry "USA"]
[SourceTitle "CB20_2025"]
[SourceDate "2025.05.14"]
[SourceVersion "1"]
[SourceVersionDate "2025.05.14"]
[SourceQuality "1"]

1. d4 d5 2. c4 e6 3. Nc3 Nf6 4. cxd5 exd5 5. Bg5 Nbd7 6. e3 Be7 7. Bd3 c6 8. Qc2 h6 9. Bh4 0-0 10. Nge2 Re8 11. 0-0 Ne4 12. Bxe7 Qxe7 13. Bxe4 dxe4 14. Rad1 Nf6 15. d5 Bg4 16. dxc6 bxc6 17. h3 Bh5 18. Rd4 c5 19. Ra4 Rad8 20. Nf4 Bg6 21. Nxg6 fxg6 22. Ra6 Kh7 23. Qa4 Rd2 24. Rxa7 Qe5 25. Qb3 Rb8 26. Qf7 Nh5 27. g4 Ng3 28. Re7 1-0

[Event "American Continental (Women) 16th"]
[Site "Oaxtepec"]
[Date "2025.05.02"]
[Round "3"]
[White "Campos, Maria Jose"]
[Black "Lopez Rayo, Isabella"]
[Result "1-0"]
[WhiteElo "2235"]
[BlackElo "2021"]
[PlyCount "135"]
[EventDate "2025.05.01"]
[EventType "swiss"]
[EventRounds "9"]
[EventCountry "MEX"]
[SourceTitle "CB19_2025"]
[SourceDate "2025.05.07"]
[SourceVersion "1"]
[SourceVersionDate "2025.05.07"]
[SourceQuality "1"]

1. Nf3 c5 2. c4 Nc6 3. Nc3 Nf6 4. d4 cxd4 5. Nxd4 e6 6. g3 Qb6 7. Nb3 Bb4 8. Bg2 Ne5 9. Nd2 0-0 10. 0-0 Bxc3 11. bxc3 d5 12. Ba3 Re8 13. Qb3 Qc7 14. cxd5 exd5 15. Rab1 Rb8 16. Nf3 Nc4 17. Bc1 Bf5 18. Bf4 Nd6 19. Rbc1 Nh5 20. Bxd6 Qxd6 21. Rfd1 Nf6 22. Qb4 Qa6 23. Nd4 Bg6 24. Bf1 b6 25. Nc6 Ra8 26. Ne7+ Kh8 27. e4 Qb7 28. Nxg6+ fxg6 29. exd5 Nxd5 30. Qb5 Nc7 31. Qd7 Rac8 32. Bh3 Qb8 33. Rd4 Rcd8 34. Qc6 Na6 35. Rcd1 Nc5 36. Bg4 Qa8 37. Qc7 Rb8 38. h4 Qb7 39. Qf4 Rf8 40. Qc1 Qf7 41. Qc2 Qe7 42. R1d2 Rbe8 43. Re2 Qf7 44. Rxe8 Rxe8 45. Kg2 Rf8 46. Qe2 Re8 47. Qc2 Rf8 48. Rf4 Qe7 49. Qe2 Qd8 50. Qd2 Qb8 51. Rxf8+ Qxf8 52. Qd5 Qg8 53. Qd6 Ne4 54. Qc6 Nc5 55. Bf3 Qd8 56. c4 Qb8 57. Qd5 Qf8 58. Qe5 Nd3 59. Qe3 Nc5 60. Bd5 Qd8 61. Qf3 Qe7 62. Qf4 Qd8 63. Qf7 Qb8 64. Qe7 Na4 65. Bc6 Nc5 66. Kg1 Nd3 67. Be8 h6 68. Qf8+ 1-0

[Event "American Continental (Women) 16th"]
[Site "Oaxtepec"]
[Date "2025.05.01"]
[Round "2"]
[White "Lopez Rayo, Isabella"]
[Black "Coronado Osorio, Sofia Abigail"]
[Result "1-0"]
[WhiteElo "2021"]
[BlackElo "1871"]
[PlyCount "121"]
[EventDate "2025.05.01"]
[EventType "swiss"]
[EventRounds "9"]
[EventCountry "MEX"]
[SourceTitle "CB19_2025"]
[SourceDate "2025.05.07"]
[SourceVersion "1"]
[SourceVersionDate "2025.05.07"]
[SourceQuality "1"]

1. e4 c5 2. Nf3 Nc6 3. d4 cxd4 4. Nxd4 Nf6 5. Nc3 e6 6. a3 d6 7. Bg5 Be7 8. Qd2 a6 9. 0-0-0 Qc7 10. f3 h6 11. Be3 e5 12. Nb3 Be6 13. Kb1 b5 14. Nd5 Bxd5 15. exd5 Nd8 16. g4 Nd7 17. h4 Nb7 18. f4 Rc8 19. Be2 Nb6 20. Bxb6 Qxb6 21. g5 h5 22. Bd3 Nc5 23. Bf5 Rd8 24. Na5 g6 25. Bh3 Ne4 26. Qe1 Nf2 27. Nc6 Nxd1 28. Qxd1 Qe3 29. fxe5 dxe5 30. Nxd8 Bxd8 31. d6 0-0 32. Qd5 Qd4 33. Qc6 e4 34. Bg2 e3 35. Bf3 Bb6 36. Rd1 Qc5 37. Qb7 Qf5 38. d7 Bd8 39. Rf1 Qh3 40. Rh1 Qg3 41. Qe4 Qf2 42. Rd1 Kg7 43. Rd3 Bb6 44. Rd6 Bc7 45. Rxa6 b4 46. Rc6 Qe1+ 47. Ka2 Bd8 48. Qxb4 Qg3 49. Qe4 Qf2 50. a4 Qd2 51. Qe5+ Kg8 52. Qd6 Qf2 53. Bd5 Qf5 54. Qxg6+ Qxg6 55. Rxg6+ Kh7 56. Rh6+ Kg7 57. Bc4 f6 58. Rxh5 f5 59. Bd3 f4 60. Rh7+ Kg8 61. g6 1-0

[Event "Titled Tuesday intern op 01st Apr Early"]
[Site "Chess.com INT"]
[Date "2025.04.01"]
[Round "5"]
[White "Brod, Manfred"]
[Black "Lopez Rayo, Isabella"]
[Result "0-1"]
[WhiteElo "2105"]
[BlackElo "2014"]
[PlyCount "36"]
[EventDate "2025.04.01"]
[EventType "swiss (blitz)"]
[EventRounds "11"]
[EventCountry "USA"]
[SourceTitle "CB15_2025"]
[SourceDate "2025.04.09"]
[SourceVersion "1"]
[SourceVersionDate "2025.04.09"]
[SourceQuality "1"]

1. e4 e5 2. Nf3 Nc6 3. Nc3 Nf6 4. d4 exd4 5. Nxd4 Bc5 6. Be3 Bb6 7. f3 0-0 8. Qd2 d5 9. Nxc6 bxc6 10. 0-0-0 Re8 11. Bg5 h6 12. Bxf6 Qxf6 13. Kb1 Rb8 14. exd5 Ba5 15. Ka1 Bf5 16. Bd3 Rxb2 17. Ne4 Bxe4 18. Qxa5 Rb5+ 0-1

[Event "Titled Tuesday intern op 01st Apr Early"]
[Site "Chess.com INT"]
[Date "2025.04.01"]
[Round "10"]
[White "Moldagali, Beksultan"]
[Black "Lopez Rayo, Isabella"]
[Result "1-0"]
[WhiteElo "2398"]
[BlackElo "2014"]
[PlyCount "163"]
[EventDate "2025.04.01"]
[EventType "swiss (blitz)"]
[EventRounds "11"]
[EventCountry "USA"]
[SourceTitle "CB15_2025"]
[SourceDate "2025.04.09"]
[SourceVersion "1"]
[SourceVersionDate "2025.04.09"]
[SourceQuality "1"]

1. e4 e5 2. Nf3 Nc6 3. Bb5 a6 4. Ba4 Nf6 5. Nc3 Bc5 6. Bxc6 dxc6 7. Nxe5 Bxf2+ 8. Kxf2 Qd4+ 9. Ke1 Qxe5 10. d3 Be6 11. Qd2 0-0-0 12. Qf4 Qa5 13. Rf1 Rhe8 14. h3 c5 15. Kf2 c4 16. Rd1 cxd3 17. cxd3 Qb6+ 18. Qe3 Qc6 19. Bd2 Qd7 20. Be1 Kb8 21. Rac1 g5 22. Kg1 g4 23. Bh4 Nh5 24. Bxd8 Qxd8 25. Rf1 gxh3 26. Ne2 hxg2 27. Rf2 Nf6 28. Rxg2 Ng4 29. Qg3 h5 30. d4 Bd7 31. Qf4 Bb5 32. d5 Bxe2 33. Rxe2 Rg8 34. Rg2 Qe7 35. Rf1 Qc5+ 36. Kh1 f6 37. Rc1 Qb6 38. Rgc2 Rc8 39. d6 Ne5 40. dxc7+ Ka7 41. Qg3 Nc6 42. Qf2 Rxc7 43. Qxb6+ Kxb6 44. Rf2 Re7 45. Re1 Re6 46. Rf5 h4 47. Kg2 Ne5 48. Kh3 Nc4 49. Re2 Nd6 50. Rf4 Kc6 51. Kxh4 Kd7 52. Kg4 Nf7 53. Kf3 Ne5+ 54. Kg3 Ke7 55. Rh4 Kf7 56. Rh7+ Kg6 57. Rxb7 Nc4 58. b3 Ne5 59. Ra7 Rc6 60. Kf4 Rc3 61. Rg2+ Kh6 62. Rh2+ Kg6 63. Rg2+ Kh6 64. Rg3 Nd3+ 65. Kf5 Rc5+ 66. Kxf6 Rc6+ 67. Kf5 Rc5+ 68. Kf6 Rc6+ 69. Ke7 Ne5 70. Kd8 Ng6 71. Rd7 Ne5 72. Re7 Ng6 73. Re8 Rd6+ 74. Kc7 Rf6 75. e5 Rf5 76. e6 Re5 77. Kd6 Re4 78. Rd8 Rd4+ 79. Kc7 Re4 80. Rd6 Kg7 81. e7 Rxe7+ 82. Kb6 1-0

[Event "Titled Tuesday intern op 25th Mar Early"]
[Site "Chess.com INT"]
[Date "2025.03.25"]
[Round "1"]
[White "Lopez Rayo, Isabella"]
[Black "Kovalchuk, Alexey"]
[Result "0-1"]
[WhiteElo "2014"]
[BlackElo "2304"]
[PlyCount "86"]
[EventDate "2025.03.25"]
[EventType "swiss (blitz)"]
[EventRounds "11"]
[EventCountry "USA"]
[SourceTitle "CB14_2025"]
[SourceDate "2024.11.01"]
[SourceVersion "1"]
[SourceVersionDate "2024.11.01"]
[SourceQuality "1"]

1. e4 c5 2. Nf3 d6 3. d4 cxd4 4. Nxd4 Nf6 5. Nc3 a6 6. f3 e5 7. Nb3 Be7 8. Be3 Be6 9. Qd2 h5 10. 0-0-0 Nbd7 11. Nd5 Nxd5 12. exd5 Bf5 13. Bd3 Bxd3 14. Qxd3 0-0 15. Kb1 Rc8 16. h4 f5 17. g4 hxg4 18. fxg4 f4 19. Bf2 Qc7 20. g5 Qc4 21. Qg6 Rf7 22. Rc1 Nf8 23. Qh5 Qxd5 24. g6 Rf6 25. Rhg1 Qe6 26. Rce1 Qf5 27. Qe2 Rxg6 28. h5 Rxg1 29. Rxg1 Ne6 30. h6 g6 31. Rc1 Kh7 32. Na5 b5 33. a4 f3 34. Qf1 Bg5 35. axb5 Bxc1 36. Qxc1 axb5 37. Nb7 Rc6 38. Na5 Rc7 39. Bb6 Rc8 40. Bf2 Nd4 41. Bxd4 exd4 42. Nb7 Rc6 43. Nd8 Rc7 0-1

[Event "Titled Tuesday intern op 25th Mar Early"]
[Site "Chess.com INT"]
[Date "2025.03.25"]
[Round "6"]
[White "Lopez Rayo, Isabella"]
[Black "Sahib, Singh"]
[Result "0-1"]
[WhiteElo "2014"]
[BlackElo "2430"]
[PlyCount "100"]
[EventDate "2025.03.25"]
[EventType "swiss (blitz)"]
[EventRounds "11"]
[EventCountry "USA"]
[SourceTitle "CB14_2025"]
[SourceDate "2024.11.01"]
[SourceVersion "1"]
[SourceVersionDate "2024.11.01"]
[SourceQuality "1"]

1. e4 c5 2. Nf3 d6 3. d4 cxd4 4. Nxd4 Nf6 5. Nc3 a6 6. f3 e5 7. Nb3 Be7 8. Be3 Be6 9. Qd2 h5 10. 0-0-0 Nbd7 11. Nd5 Bxd5 12. exd5 Nb6 13. Qa5 Nbd7 14. Qd2 Rc8 15. Kb1 Nb6 16. Qa5 Nc4 17. Bxc4 Rxc4 18. Qd2 Qd7 19. Qd3 Rc7 20. h4 g6 21. Bg5 Ng8 22. f4 Bxg5 23. hxg5 exf4 24. Qe4+ Ne7 25. Qxf4 0-0 26. Rdf1 Nxd5 27. Qd2 Ne7 28. Rf6 Rfc8 29. c3 d5 30. Rhf1 Nc6 31. Rxf7 Qxf7 32. Rxf7 Rxf7 33. Qxd5 Rd8 34. Qc4 Ne5 35. Qe6 Rd1+ 36. Kc2 Re1 37. Nd4 Kg7 38. Kb3 Nd3 39. Qc4 Nc1+ 40. Ka3 Rfe7 41. Nf3 R1e4 42. Qc5 b5 43. Nd4 Nd3 44. Qd6 Nf4 45. Qf6+ Kh7 46. Nc6 Rc7 47. Nd8 b4+ 48. cxb4 Nd5 49. Nf7 Nxf6 50. gxf6 Rxf7 0-1

[Event "Titled Tuesday intern op 25th Mar Early"]
[Site "Chess.com INT"]
[Date "2025.03.25"]
[Round "3"]
[White "Nusrat Jahan, Alo"]
[Black "Lopez Rayo, Isabella"]
[Result "0-1"]
[WhiteElo "1795"]
[BlackElo "2014"]
[PlyCount "92"]
[EventDate "2025.03.25"]
[EventType "swiss (blitz)"]
[EventRounds "11"]
[EventCountry "USA"]
[SourceTitle "CB14_2025"]
[SourceDate "2024.11.01"]
[SourceVersion "1"]
[SourceVersionDate "2024.11.01"]
[SourceQuality "1"]

1. e4 c5 2. Nf3 d6 3. d4 cxd4 4. Nxd4 Nf6 5. Nc3 a6 6. Bg5 e6 7. Qd2 Be7 8. f3 Nbd7 9. g4 h6 10. Be3 Qc7 11. 0-0-0 b5 12. h4 Bb7 13. h5 Ne5 14. g5 hxg5 15. Bxg5 Rxh5 16. Rg1 Nc4 17. Bxc4 Qxc4 18. Kb1 Rc8 19. Nb3 Ba8 20. Na5 Qc7 21. Nb3 b4 22. Na4 Qc6 23. Qxb4 Qxc2+ 24. Ka1 Rxg5 25. Rge1 Rb5 26. Qd4 Rxb3 27. axb3 Qxb3 28. Nc3 Bc6 29. Kb1 Bd7 30. Rc1 Rb8 31. Qd2 a5 32. Na2 a4 33. Qc3 Qb7 34. Qa3 d5 35. Qc3 a3 36. b4 dxe4 37. fxe4 Nxe4 38. Qc4 Nd2+ 39. Ka1 Nxc4 40. Rxc4 Bf6+ 41. Kb1 Bb5 42. Rc5 Rd8 43. Rec1 Bd3+ 44. R1c2 Bxc2+ 45. Rxc2 Rd1+ 46. Rc1 Qe4# 0-1

[Event "Titled Tuesday intern op 25th Mar Early"]
[Site "Chess.com INT"]
[Date "2025.03.25"]
[Round "8"]
[White "Southcott Moyers, Indy"]
[Black "Lopez Rayo, Isabella"]
[Result "1-0"]
[WhiteElo "2227"]
[BlackElo "2014"]
[PlyCount "83"]
[EventDate "2025.03.25"]
[EventType "swiss (blitz)"]
[EventRounds "11"]
[EventCountry "USA"]
[SourceTitle "CB14_2025"]
[SourceDate "2024.11.01"]
[SourceVersion "1"]
[SourceVersionDate "2024.11.01"]
[SourceQuality "1"]

1. Nf3 Nf6 2. g3 g6 3. Bg2 Bg7 4. 0-0 0-0 5. d4 d5 6. c4 c6 7. Nc3 dxc4 8. e4 b5 9. e5 Nd5 10. Ne4 Bf5 11. Nc5 Nd7 12. Nh4 Nxc5 13. Nxf5 gxf5 14. dxc5 Bxe5 15. Qh5 e6 16. Bg5 Bf6 17. Bh6 Bg7 18. Bg5 Qe8 19. Qe2 h6 20. Bf4 c3 21. bxc3 Nxc3 22. Qc2 Nd5 23. Rad1 e5 24. Bc1 e4 25. f3 e3 26. Rfe1 f4 27. gxf4 Qe7 28. Bf1 Rad8 29. Bd3 Rfe8 30. Be4 Nxf4 31. Bxe3 Nd5 32. Bxh6 Bxh6 33. Bh7+ Kg7 34. Rxe7 Rxe7 35. Kh1 Ne3 36. Rg1+ Kh8 37. Qb1 Nc4 38. Be4 Bg7 39. Qe1 Nd2 40. Qh4+ Kg8 41. Qxe7 Nxe4 42. Qxd8+ 1-0

[Event "Titled Tuesday intern op 04th Mar Early"]
[Site "Chess.com INT"]
[Date "2025.03.04"]
[Round "7"]
[White "Kuzmin, Roman"]
[Black "Lopez Rayo, Isabella"]
[Result "1-0"]
[WhiteElo "2196"]
[BlackElo "2014"]
[PlyCount "127"]
[EventDate "2025.03.04"]
[EventType "swiss (blitz)"]
[EventRounds "11"]
[EventCountry "USA"]
[SourceTitle "CB11_2025"]
[SourceDate "2025.03.12"]
[SourceVersion "1"]
[SourceVersionDate "2025.03.12"]
[SourceQuality "1"]

1. e4 e5 2. Nf3 Nc6 3. Bb5 f5 4. d3 fxe4 5. dxe4 Nf6 6. 0-0 Bc5 7. Nc3 0-0 8. Bxc6 bxc6 9. Nxe5 d6 10. Na4 Qe8 11. Nd3 Bd4 12. c3 Bg4 13. Qc2 Bb6 14. Nxb6 axb6 15. f3 Be6 16. Bf4 Qf7 17. a3 Nh5 18. Be3 Bc4 19. Rf2 d5 20. Ne5 Qf6 21. Nxc4 dxc4 22. Rd1 Rad8 23. Rfd2 Rxd2 24. Qxd2 Qg6 25. Qe2 h6 26. Qxc4+ Kh7 27. Qe2 Nf6 28. Bd4 Nh5 29. Be3 Nf6 30. Kh1 Re8 31. Qf2 c5 32. Qg3 Qf7 33. Qh3 Re6 34. Qf5+ g6 35. Qh3 h5 36. Qg3 Ng8 37. Qg5 Rd6 38. Rxd6 cxd6 39. h4 Qb3 40. Qf4 Qe6 41. Kh2 b5 42. b4 cxb4 43. axb4 Qe7 44. Bd4 Qe6 45. Qg5 Qd7 46. Kg3 Qc6 47. Qf4 Qd7 48. Qf8 Qc7 49. Kf2 Qd7 50. Ke3 Qc7 51. g4 hxg4 52. fxg4 Qd7 53. h5 gxh5 54. gxh5 Qh3+ 55. Qf3 Qe6 56. Qf5+ Qxf5 57. exf5 Ne7 58. f6 Nf5+ 59. Ke4 Ng3+ 60. Kd5 Nxh5 61. Kxd6 Kg6 62. Ke7 Nf4 63. f7 Nd5+ 64. Kd6 1-0

[Event "Titled Tuesday intern op 04th Mar Early"]
[Site "Chess.com INT"]
[Date "2025.03.04"]
[Round "5"]
[White "Silva, Lucas"]
[Black "Lopez Rayo, Isabella"]
[Result "1-0"]
[WhiteElo "2248"]
[BlackElo "2014"]
[PlyCount "73"]
[EventDate "2025.03.04"]
[EventType "swiss (blitz)"]
[EventRounds "11"]
[EventCountry "USA"]
[SourceTitle "CB11_2025"]
[SourceDate "2025.03.12"]
[SourceVersion "1"]
[SourceVersionDate "2025.03.12"]
[SourceQuality "1"]

1. d4 d5 2. Nf3 e6 3. c4 Nf6 4. g3 dxc4 5. Bg2 Bb4+ 6. Bd2 Bxd2+ 7. Nbxd2 b5 8. a4 c6 9. 0-0 0-0 10. b3 c3 11. Nb1 b4 12. Qc2 a5 13. Rd1 Ba6 14. Ne5 Qc7 15. Nxc3 bxc3 16. Qxc3 Nd5 17. Qd2 f6 18. Nc4 Bxc4 19. bxc4 Nb4 20. Rac1 Qd7 21. e4 N8a6 22. d5 cxd5 23. exd5 exd5 24. cxd5 Rac8 25. d6 Rfd8 26. Rxc8 Rxc8 27. Re1 Re8 28. Bd5+ Kh8 29. Bc4 Rxe1+ 30. Qxe1 h6 31. Qe7 Nc5 32. Bb5 Nc6 33. Qxd7 Nxd7 34. Bxc6 Nb8 35. Bb5 Kg8 36. d7 Nxd7 37. Bxd7 1-0

[Event "Titled Tuesday intern op 25th Feb Early"]
[Site "Chess.com INT"]
[Date "2025.02.25"]
[Round "7"]
[White "Lopez Rayo, Isabella"]
[Black "Harriott, Tyrell"]
[Result "0-1"]
[WhiteElo "2050"]
[BlackElo "1924"]
[PlyCount "94"]
[EventDate "2025.02.25"]
[EventType "swiss (blitz)"]
[EventRounds "11"]
[EventCountry "USA"]
[SourceTitle "CB10_2025"]
[SourceDate "2025.03.05"]
[SourceVersion "1"]
[SourceVersionDate "2025.03.05"]
[SourceQuality "1"]

1. e4 d5 2. exd5 Nf6 3. d4 Qxd5 4. Nc3 Qa5 5. Nf3 Ne4 6. Qd3 Bf5 7. Qb5+ Qxb5 8. Nxb5 Na6 9. Be3 c6 10. Na3 Nb4 11. c3 Nd5 12. Nh4 Nxe3 13. fxe3 Bd7 14. Bd3 Nf6 15. e4 e6 16. Nc4 0-0-0 17. 0-0-0 Be7 18. Nf3 Ng4 19. Rd2 f6 20. h3 Nh6 21. Ne3 Kc7 22. Rhd1 Be8 23. g4 Nf7 24. Bc4 Bd7 25. Ng2 Nd6 26. Bd3 g5 27. e5 Nf7 28. exf6 Bxf6 29. Re2 h5 30. Ne3 e5 31. Bg6 exd4 32. Nxd4 Ne5 33. Bxh5 Kb8 34. Ndf5 Bc8 35. Red2 Rdf8 36. Kc2 a6 37. Rf2 Bd8 38. Rdf1 Rfg8 39. Nd4 Bb6 40. Re2 Rd8 41. Nef5 Nc4 42. Re7 c5 43. Ne6 Rd2+ 44. Kb3 Nxb2 45. Re8 Rxe8 46. Bxe8 Bxe6+ 47. Ka3 Nc4+ 0-1

[Event "Titled Tuesday intern op 25th Feb Early"]
[Site "Chess.com INT"]
[Date "2025.02.25"]
[Round "5"]
[White "Lopez Rayo, Isabella"]
[Black "Zemerov, Vladimir"]
[Result "1-0"]
[WhiteElo "2050"]
[BlackElo "2268"]
[PlyCount "81"]
[EventDate "2025.02.25"]
[EventType "swiss (blitz)"]
[EventRounds "11"]
[EventCountry "USA"]
[SourceTitle "CB10_2025"]
[SourceDate "2025.03.05"]
[SourceVersion "1"]
[SourceVersionDate "2025.03.05"]
[SourceQuality "1"]

1. e4 e5 2. Nf3 Nc6 3. Bb5 a6 4. Ba4 Nf6 5. 0-0 Be7 6. c3 Nxe4 7. d4 exd4 8. Nxd4 0-0 9. Re1 Nxd4 10. Qxd4 Nc5 11. Bc2 Ne6 12. Qd3 g6 13. Bh6 Re8 14. Nd2 d5 15. Nf3 c6 16. g3 Bf8 17. Bd2 Bg7 18. h4 Nc5 19. Qf1 Ne4 20. Bf4 Bg4 21. Nh2 Bf5 22. Bd3 h5 23. Rad1 Qd7 24. Qg2 b5 25. Bxe4 Bxe4 26. Rxe4 Rxe4 27. Qxe4 Re8 28. Qd3 Qe6 29. Nf3 Qd7 30. Ng5 Qd8 31. Be3 Qd6 32. Bd4 Bxd4 33. cxd4 Kg7 34. Nf3 f6 35. Rc1 Re6 36. Re1 Rxe1+ 37. Nxe1 Kf7 38. Qe3 Qd7 39. Nd3 Qd6 40. Nc5 a5 41. Qh6 1-0

[Event "Titled Tuesday intern op 11th Feb Early"]
[Site "Chess.com INT"]
[Date "2025.02.11"]
[Round "1"]
[White "Kozlov, Gennady"]
[Black "Lopez Rayo, Isabella"]
[Result "1-0"]
[WhiteElo "2418"]
[BlackElo "2050"]
[PlyCount "99"]
[EventDate "2025.02.11"]
[EventType "swiss (blitz)"]
[EventRounds "11"]
[EventCountry "USA"]
[SourceTitle "CB08_2025"]
[SourceDate "2025.02.19"]
[SourceVersion "1"]
[SourceVersionDate "2025.02.19"]
[SourceQuality "1"]

1. d4 d5 2. c4 e6 3. Nc3 Bb4 4. Nf3 Nf6 5. Bg5 h6 6. Bxf6 Qxf6 7. cxd5 exd5 8. e3 0-0 9. Bd3 Bg4 10. Qb3 Bxc3+ 11. bxc3 Bxf3 12. gxf3 Qxf3 13. Rg1 Nd7 14. Qxb7 Rab8 15. Qxc7 Rb2 16. Qg3 Qxg3 17. Rxg3 Rc8 18. e4 dxe4 19. Bxe4 Nf6 20. Bd3 Nd5 21. c4 Nf4 22. Rc1 Re8+ 23. Kf1 Nxd3 24. Rxd3 Ree2 25. Rf3 Rxa2 26. c5 Red2 27. c6 Rac2 28. Rxc2 Rxc2 29. d5 Rc5 30. Rd3 Kf8 31. d6 Ke8 32. c7 Kd7 33. Ke2 a5 34. Ke3 a4 35. Kd4 Kxd6 36. Ra3 Rxc7 37. Rxa4 Ke7 38. f4 Rc2 39. h3 Rh2 40. Ra3 Rf2 41. Ke3 Rh2 42. Ke4 Re2+ 43. Kf3 Rb2 44. Ra6 f6 45. f5 Rb7 46. Kg4 Kf7 47. Kh5 Rb5 48. Ra7+ Kg8 49. Kg6 Rb3 50. Ra8+ 1-0

[Event "Titled Tuesday intern op 11th Feb Early"]
[Site "Chess.com INT"]
[Date "2025.02.11"]
[Round "9"]
[White "Lopez Rayo, Isabella"]
[Black "Al Shami, Benjamin"]
[Result "0-1"]
[WhiteElo "2050"]
[BlackElo "1864"]
[PlyCount "72"]
[EventDate "2025.02.11"]
[EventType "swiss (blitz)"]
[EventRounds "11"]
[EventCountry "USA"]
[SourceTitle "CB09_2025"]
[SourceDate "2025.02.27"]
[SourceVersion "1"]
[SourceVersionDate "2025.02.27"]
[SourceQuality "1"]

1. e4 a6 2. d4 c5 3. dxc5 e6 4. Nf3 Bxc5 5. Bd3 d5 6. exd5 exd5 7. 0-0 Nf6 8. Re1+ Be6 9. Ng5 0-0 10. Nxe6 fxe6 11. Be3 Bxe3 12. Rxe3 Qb6 13. b3 Nc6 14. Nc3 e5 15. Na4 Qa7 16. Rh3 e4 17. Be2 Ne5 18. Rc1 d4 19. Nb2 Rad8 20. Nc4 Ng6 21. Bh5 Qc5 22. Bxg6 hxg6 23. Rg3 Qf5 24. f3 e3 25. Qd3 Nd5 26. Qxd4 Nf4 27. Qxe3 Rfe8 28. Qf2 Ne2+ 29. Kh1 Nxc1 30. h4 Qf4 31. Rg4 Rd1+ 32. Qg1 Rxg1+ 33. Kxg1 Re1+ 34. Kf2 Re2+ 35. Kf1 Qh2 36. Rxg6 Qh1# 0-1

[Event "Titled Tuesday intern op 11th Feb Early"]
[Site "Chess.com INT"]
[Date "2025.02.11"]
[Round "8"]
[White "Lopez Rayo, Isabella"]
[Black "Schut, Han"]
[Result "1-0"]
[WhiteElo "2050"]
[BlackElo "2088"]
[PlyCount "77"]
[EventDate "2025.02.11"]
[EventType "swiss (blitz)"]
[EventRounds "11"]
[EventCountry "USA"]
[SourceTitle "CB09_2025"]
[SourceDate "2025.02.27"]
[SourceVersion "1"]
[SourceVersionDate "2025.02.27"]
[SourceQuality "1"]

1. e4 c5 2. Nf3 d6 3. d4 cxd4 4. Nxd4 Nf6 5. Nc3 a6 6. f3 e5 7. Nb3 Be6 8. Be3 Be7 9. Qd2 Nbd7 10. 0-0-0 0-0 11. g4 b5 12. g5 b4 13. Ne2 Ne8 14. h4 a5 15. Kb1 Bxb3 16. cxb3 a4 17. Nc1 Qa5 18. Bc4 Nb6 19. Bxb6 Qxb6 20. h5 Nc7 21. g6 d5 22. exd5 Bd6 23. h6 fxg6 24. hxg7 Rf4 25. Nd3 Kxg7 26. Nxf4 exf4 27. Rde1 Rf8 28. Re4 axb3 29. Bxb3 Nb5 30. Rc1 Qa7 31. Re6 Qd7 32. Ba4 Kg8 33. Bxb5 Qxb5 34. Rxd6 b3 35. a3 Ra8 36. Qc3 Qb8 37. Rd7 Qf8 38. Qxb3 Rd8 39. d6+ 1-0